[Event "Canarias-chT Honor"]
[Site "Spain"]
[Date "2020.07.12"]
[Round "9.1"]
[White "Kurajica, Bojan"]
[Black "Gutierrez Perez, Jose"]
[Result "1-0"]
[WhiteElo "2509"]
[BlackElo "1943"]
[PlyCount "97"]
[EventDate "2020.01.11"]
[EventType "team-tourn"]
[EventRounds "9"]
[EventCountry "ESP"]
[SourceTitle "EXT 2021"]
[Source "ChessBase"]
[SourceDate "2020.10.23"]
[SourceVersion "1"]
[SourceVersionDate "2020.10.23"]
[SourceQuality "1"]
[WhiteTeam "Lanzaloe"]
[BlackTeam "Herbania"]
[WhiteTeamCountry "ESP"]
[BlackTeamCountry "ESP"]

1. d4 d5 2. c4 e6 3. Nf3 Nf6 4. Nc3 h6 5. g3 c6 6. Bg2 Bd6 7. 0-0 Nbd7 8. Nd2 0-0 9. e4 dxe4 10. Ndxe4 Bc7 11. b3 Nxe4 12. Nxe4 f5 13. Nc3 e5 14. Ba3 Re8 15. d5 cxd5 16. Qxd5+ Kh8 17. Qf7 Bb6 18. Rad1 Bd4 19. Nb5 Nf6 20. Nc7 Bd7 21. Nxe8 Qxe8 22. Qxe8+ Rxe8 23. Bxb7 Ne4 24. Bb2 Bxb2 25. Rxd7 Nf6 26. Rc7 Bd4 27. Rc8 g5 28. b4 Kg7 29. Rxe8 Nxe8 30. Kg2 Kf6 31. c5 g4 32. f3 a5 33. fxg4 axb4 34. Rxf5+ Ke6 35. c6 Bb6 36. Rf8 Nc7 37. Rh8 e4 38. Rxh6+ Ke5 39. g5 e3 40. Kf3 Nb5 41. c7 Bxc7 42. Kxe3 Nd6 43. Rh7 Bd8 44. h4 Nf5+ 45. Kf3 Nd4+ 46. Kg4 Nb5 47. Rd7 Nc3 48. Rxd8 Nxa2 49. h5 1-0

[Event "Canarias-chT Honor"]
[Site "Spain"]
[Date "2020.02.01"]
[Round "4.1"]
[White "Garcia Blanco, Omar"]
[Black "Gutierrez Perez, Jose"]
[Result "1-0"]
[WhiteElo "2339"]
[BlackElo "1943"]
[PlyCount "51"]
[EventDate "2020.01.11"]
[EventType "team-tourn"]
[EventRounds "9"]
[EventCountry "ESP"]
[SourceTitle "CBM 195 Extra"]
[Source "ChessBase"]
[SourceDate "2020.05.31"]
[SourceVersion "1"]
[SourceVersionDate "2020.05.31"]
[SourceQuality "1"]
[WhiteTeam "Vecindario"]
[BlackTeam "Herbania"]
[WhiteTeamCountry "ESP"]
[BlackTeamCountry "ESP"]

1. Nf3 d5 2. g3 c6 3. Bg2 Bf5 4. c4 e6 5. 0-0 Be7 6. b3 Bf6 7. d4 Nd7 8. Nc3 Nb6 9. h3 h5 10. Re1 Nh6 11. e4 dxe4 12. Nxe4 Bxe4 13. Rxe4 Nf5 14. Ba3 Be7 15. Bxe7 Nxe7 16. Qe2 Nd7 17. Rd1 Nf6 18. Re3 0-0 19. Ne5 Nf5 20. Red3 g6 21. Qd2 Kg7 22. Qb2 Kg8 23. d5 exd5 24. cxd5 cxd5 25. Bxd5 Qe7 26. Nxg6 1-0

[Event "Canarias-chT"]
[Site "Arrecife de Lanzarote"]
[Date "2016.06.26"]
[Round "6.1"]
[White "Garcia Padron, Jose"]
[Black "Gutierrez Perez, Jose"]
[Result "1-0"]
[WhiteElo "2407"]
[BlackElo "2046"]
[PlyCount "83"]
[EventDate "2016.06.23"]
[EventType "team-swiss"]
[EventRounds "6"]
[EventCountry "ESP"]
[SourceTitle "EXT 2021"]
[Source "ChessBase"]
[SourceDate "2020.10.23"]
[SourceVersion "1"]
[SourceVersionDate "2020.10.23"]
[SourceQuality "1"]
[WhiteTeam "Centro Goya Villa de Teror"]
[BlackTeam "Herbania"]
[WhiteTeamCountry "ESP"]
[BlackTeamCountry "ESP"]

1. e4 Nf6 2. e5 Nd5 3. c4 Nb6 4. c5 Nd5 5. Bc4 e6 6. d4 b6 7. Qg4 Ne7 8. Nf3 Ba6 9. Nbd2 Bxc4 10. Nxc4 Nf5 11. b4 Nc6 12. a3 Nce7 13. 0-0 Nd5 14. Ne3 g6 15. Qe4 Ndxe3 16. fxe3 Bg7 17. Qg4 h5 18. Qh3 d5 19. cxd6 cxd6 20. e4 Nh6 21. Bg5 Qd7 22. Qg3 dxe5 23. dxe5 0-0 24. h3 a5 25. Qf4 Kh7 26. Rad1 Qc7 27. Rc1 Qb7 28. g4 axb4 29. axb4 Ng8 30. gxh5 f6 31. hxg6+ Kxg6 32. exf6 Nxf6 33. Ne5+ Kh7 34. Qh4+ Kg8 35. Bxf6 Rxf6 36. Rxf6 Qe7 37. Rcf1 Qxb4 38. Ng4 Qd4+ 39. R6f2 Ra7 40. Qg5 Kh7 41. Qh5+ Kg8 42. Qg6 1-0